Statystyki dla Przyprawy

Kliknij tutaj aby rozwiązać quiz!

Ogólne statystyki

  • Ten quiz został rozwiązany 41 razy
    (37 od ostatniego zresetowania)
  • Średni wynik to 23 z 34

Statystyki odpowiedzi

Przyprawa% Poprawnych
papryka
100%
pieprz
100%
sól
100%
bazylia
95%
czosnek suszony
90%
kolendra
90%
oregano
90%
tymianek
90%
ziele angielskie
85%
kminek
80%
liść laurowy
80%
majeranek
80%
curry
75%
cynamon
75%
imbir
70%
pietruszka
70%
anyż
65%
lubczyk
65%
rozmaryn
65%
chili
60%
cząber
60%
koperek
60%
kurkuma
60%
gałka muszkatołowa
55%
goździki
55%
gyros
50%
kardamon
50%
szafran
50%
wanilia
50%
gorczyca
45%
mięta
40%
estragon
30%
czarnuszka
25%
sezam
25%

Rozkład punktacji

Percentyl według liczby udzielonych odpowiedzi

Procent ludzi z każdym wynikiem

Twoja historia wyników

Nie rozwiązałeś tego quizu od ostatniego zresetowania